| 000 | 01119cac a2200325 a 4500 | ||
|---|---|---|---|
| 003 | CO-PeBPM | ||
| 005 | 20260311111629.0 | ||
| 007 | ta | ||
| 008 | 141031s2013 ck a 000 0 spa d | ||
| 020 | _a8497540085 | ||
| 040 |
_aCO-PeBPM _bspa _erda _cCO-PeBPM |
||
| 041 | _aspa | ||
| 082 | 0 | 4 |
_a372.357 V398ex _222 |
| 100 | 1 | 0 |
_aVecchione, Glen _912779 _eautor |
| 245 | 1 | 0 |
_aExperimentos sencillos sobre el cielo y la tierra _c/ Glen Vecchione; ilustrado por Horacio Elena ; traducción Joan Carles Guix |
| 250 | _a2a. reimpr. | ||
| 264 |
_aBarcelona, España _b: Omiro _c, 2013 |
||
| 300 |
_a128 páginas _bilustraciones _c23 cm. |
||
| 336 |
_atexto _btxt _2rdacontent |
||
| 337 |
_asin mediación _bn _2rdamedia |
||
| 338 |
_avolumen _bnc _2rdacarrier |
||
| 490 | _aEl juego de la ciencia | ||
| 500 | _aIncluye índice | ||
| 521 | _aA partir de 10 años | ||
| 650 | 1 | 7 |
_a Ciencias de la tierra _2LEMB _xEnseñanza elemental _916299 |
| 650 | 1 | 7 |
_aTierra _2LEMB _x Enseñanza elemental _916300 |
| 650 | 1 | 7 |
_aSistema solar _2LEMB _93251 |
| 700 | 1 | 0 |
_aElena, Horacio, 1940- _916251 _eilustraciones |
| 942 |
_2ddc _cBK |
||
| 999 |
_c1158 _d1158 |
||